Normal view MARC view
  • Zahid Faraz

Entry Personal Name

Number of records used in: 1

001 - CONTROL NUMBER

  • control field: 84148

003 - CONTROL NUMBER IDENTIFIER

  • control field: NUST

005 - DATE AND TIME OF LATEST TRANSACTION

  • control field: 20211115161403.0

008 - FIXED-LENGTH DATA ELEMENTS

  • fixed length control field: 211115|| aca||aabn | a|a d

040 ## - CATALOGING SOURCE

  • Original cataloging agency: NUST
  • Transcribing agency: NUST

100 ## - HEADING--PERSONAL NAME

  • Personal name: Zahid Faraz

670 ## - SOURCE DATA FOUND

  • Source citation: Work cat.: (NUST)577147: Zahid Faraz, TH-SOF-1253-Development Of An Integrated Framework For Optimization Of Sheet Metal Work Through Bi-Directional Information Flow Between Design and Manufacturing Processes, 2016
© 2023 Central Library, National University of Sciences and Technology. All Rights Reserved.